Southville International School and Colleges
Your cart is empty.
  • Cart
  • Lists
    Public lists Eva Luna New books Lux_list list_1
    Your lists Log in to create your own lists
  • Log in to your account
  • Your cookies
  • Search history
Southville International School and Colleges
  • Advanced search
  • Recent comments
  • Most popular
  • Libraries

Log in to your account

Log in with GOOGLE


If you do not have an external account, but do have a local account, you can still log in:

  1. Home
  2. MARC view: Little women
Normal view MARC view ISBD view

Little women (Record no. 276702)

[ view plain ]
MARC details
000 -LEADER
fixed length control field 00579nam a22002057a 4500
003 - CONTROL NUMBER IDENTIFIER
control field LC
005 - DATE AND TIME OF LATEST TRANSACTION
control field 20230424133415.0
008 - FIXED-LENGTH DATA ELEMENTS--GENERAL INFORMATION
fixed length control field 141106b xxu||||| |||| 00| 0 eng d
020 ## - INTERNATIONAL STANDARD BOOK NUMBER
International Standard Book Number 7807300499
020 ## - INTERNATIONAL STANDARD BOOK NUMBER
International Standard Book Number 9780142408766
050 ## - LIBRARY OF CONGRESS CALL NUMBER
Classification number PS 1017 .Al355 2000
100 ## - MAIN ENTRY--PERSONAL NAME
Personal name Alcott, Louisa
245 ## - TITLE STATEMENT
Title Little women
Statement of responsibility, etc Louisa May Alcott
260 ## - PUBLICATION, DISTRIBUTION, ETC. (IMPRINT)
Place of publication, distribution, etc USA
Name of publisher, distributor, etc Penguin Books
Date of publication, distribution, etc 2008
300 ## - PHYSICAL DESCRIPTION
Extent 777 p.
Dimensions 18 cm.
650 ## - SUBJECT ADDED ENTRY--TOPICAL TERM
Topical term or geographic name as entry element March family (Fictitious characters) -- Fiction.
650 ## - SUBJECT ADDED ENTRY--TOPICAL TERM
Topical term or geographic name as entry element Mothers and daughters -- Fiction.
650 ## - SUBJECT ADDED ENTRY--TOPICAL TERM
Topical term or geographic name as entry element New England -- Fiction.
942 ## - ADDED ENTRY ELEMENTS (KOHA)
Source of classification or shelving scheme Library of Congress Classification
Koha item type Books
Holdings
Withdrawn status Lost status Source of classification or shelving scheme Damaged status Home library Current library Shelving location Date acquired Sub Shelving location Total Checkouts Total Renewals Full call number Barcode Date last seen Date checked out Price effective from Koha item type
    Library of Congress Classification   Luxembourg Library Luxembourg Library Fiction Section 11/06/2014   2 5 PS 1017 .Al355 2000 15190 11/09/2015 09/18/2015 11/06/2014 Books

Little women

APA

Alcott L., . (2008). Little women. USA: Penguin Books.

Chicago

Alcott Louisa, . 2008. Little women. USA: Penguin Books.

Harvard

Alcott L., . (2008). Little women. USA: Penguin Books.

MLA

Alcott Louisa, . Little women. USA: Penguin Books. 2008.

  • Place hold
  • Print
  • Cite
  • Add to your cart (remove)
  • Save record
    BIBTEX Dublin Core MARCXML MARC (non-Unicode/MARC-8) MARC (Unicode/UTF-8) MARC (Unicode/UTF-8, Standard) MODS (XML) RIS
  • More searches
    Search for this title in:
    Other Libraries (WorldCat) Other Databases (Google Scholar) Online Stores (Bookfinder.com) Open Library (openlibrary.org)

Exporting to Dublin Core...

SOUTHVILLE LIBRARY

Southville International School and Colleges Library

1281 Tropical Ave. Cor. Luxembourg St., BF Homes International, Las Pinas City

Tel. No. 8256374 / 252358 Loc. 117/146

Powered by Koha